| 000 | 00563nam a22001937a 4500 | ||
|---|---|---|---|
| 005 | 20140106105033.0 | ||
| 010 | _aENG-108928 | ||
| 020 |
_a9788192563626 _c1295.00 |
||
| 035 | _aEN-92461 | ||
| 037 | _bDBAD/PUB | ||
| 082 | _a920 | ||
| 100 | _a Amarjit Singh | ||
| 245 |
_aBiographies of the Indian personalities / _cby Amarjit Singh |
||
| 260 |
_aNew Delhi _bS. K. Book Agency _c2013 |
||
| 270 |
_a5A/12, Ansari Road, Daryanganj _bNew Delhi _e110002 |
||
| 300 |
_a328p. _c22cm(Hb) |
||
| 500 | _aIncludes index | ||
| 942 |
_2ddc _cEN _mAMA _h920 |
||
| 999 |
_c81352 _d81352 |
||